| 000 | 00601nam a2200217Ia 4500 | ||
|---|---|---|---|
| 003 | OSt | ||
| 005 | 20241023102954.0 | ||
| 008 | 240925s9999 xx 000 0 und d | ||
| 020 | _a8178082470 | ||
| 040 | _csd | ||
| 082 | _a004.6 KUR | ||
| 100 | _aKurose ,James F. | ||
| 245 | 0 | _aComputer Networking: a top down approach featuring the internet | |
| 250 | _aNA | ||
| 260 |
_aSingapore: _bPearson education _c,2001. |
||
| 300 |
_axiv,466p. _bNA _fOriginal |
||
| 500 | _aIncludes Index | ||
| 600 | _aComputer Science | ||
| 650 | _aComputer science, information & general works | ||
| 942 |
_cBK _2ddc |
||
| 999 |
_c7253 _d7253 |
||